Mechanical engineering science for part 1 of technicians course (Record no. 50890)

MARC details
000 -LEADER
fixed length control field 00541nam a2200157 a 4500
008 - FIXED-LENGTH DATA ELEMENTS--GENERAL INFORMATION
fixed length control field 120416s0000 ||||||||||||||||| || u
020 ## - INTERNATIONAL STANDARD BOOK NUMBER
International Standard Book Number 071313240x
050 ## - LIBRARY OF CONGRESS CALL NUMBER
Classification number TJ 146 Oxl
100 ## - MAIN ENTRY--PERSONAL NAME
Personal name Oxley, A
245 10 - TITLE STATEMENT
Title Mechanical engineering science for part 1 of technicians course
250 ## - EDITION STATEMENT
Edition statement 2nd (SI Un
260 ## - PUBLICATION, DISTRIBUTION, ETC.
Place of publication, distribution, etc. London
Name of publisher, distributor, etc. Edward Arnold
Date of publication, distribution, etc. 1970
300 ## - PHYSICAL DESCRIPTION
Extent 294p. : ill.
350 ## - PRICE (NR) (BK AM CF MU VM SE) [OBSOLETE]
Price 0.00
995 ## - RECOMMENDATION 995 [LOCAL, UNIMARC FRANCE]
-- 0.00
-- CBU-MAIN LIBRARY (Kitwe)
-- 1
-- 11.50
-- 1
-- DAMAGED
-- Main Library Open Access Collection
Holdings
Withdrawn status Lost status Source of classification or shelving scheme Damaged status Not for loan Home library Current library Shelving location Date acquired Total Checkouts Full call number Barcode Date last seen Price effective from Koha item type
          CBU-MAIN LIBRARY, KITWE. CBU-MAIN LIBRARY, KITWE.   11/30/2022   TJ 146 Oxl 017137 11/30/2022 11/30/2022 MONOGRAPH